[Event "DEN-chT 1920 58th"]
[Site "Denmark"]
[Date "2020.01.12"]
[Round "5.8"]
[White "Percivaldi, Martin"]
[Black "Nilsson, Lars Kjoller"]
[Result "1-0"]
[WhiteElo "2384"]
[BlackElo "1936"]
[PlyCount "51"]
[EventDate "2019.11.23"]
[EventType "team-tourn"]
[EventRounds "9"]
[EventCountry "DEN"]
[SourceTitle "CBM 194 Extra"]
[Source "ChessBase"]
[SourceDate "2020.03.31"]
[SourceVersion "1"]
[SourceVersionDate "2020.03.31"]
[SourceQuality "1"]
[WhiteTeam "Koge Xtracon"]
[BlackTeam "Hillerod"]
[WhiteTeamCountry "DEN"]
[BlackTeamCountry "DEN"]

1. Nf3 d5 2. g3 Bg4 3. Bg2 Nd7 4. h3 Bxf3 5. Bxf3 Ngf6 6. d4 c6 7. 0-0 e5 8. Bg2 Bd6 9. c4 e4 10. Nc3 0-0 11. Qb3 Qb6 12. cxd5 Qxb3 13. axb3 cxd5 14. Nb5 Bb4 15. Nxa7 Rfc8 16. Nxc8 Rxa1 17. Bf4 Rxf1+ 18. Bxf1 g6 19. g4 Kf8 20. e3 Kg7 21. g5 Nh5 22. Bd6 Ba5 23. Bb5 Nf8 24. Be5+ f6 25. gxf6+ Kf7 26. Nd6+ 1-0

[Event "EU-Cup 35th"]
[Site "Ulcinj"]
[Date "2019.11.16"]
[Round "7.31"]
[White "Nilsson, Lars Kjoller"]
[Black "Bachaus, Sander"]
[Result "0-1"]
[WhiteElo "1912"]
[BlackElo "2027"]
[PlyCount "74"]
[EventDate "2019.11.10"]
[EventType "team-swiss"]
[EventRounds "7"]
[EventCountry "MNE"]
[SourceTitle "EXT 2021"]
[Source "ChessBase"]
[SourceDate "2020.10.23"]
[SourceVersion "1"]
[SourceVersionDate "2020.10.23"]
[SourceQuality "1"]
[WhiteTeam "Hillerod"]
[BlackTeam "Zuid Limburg"]
[WhiteTeamCountry "DEN"]
[BlackTeamCountry "NED"]

1. e4 c6 2. d4 d5 3. exd5 cxd5 4. Bd3 Nc6 5. c3 g6 6. Nf3 Nf6 7. h3 Bf5 8. Bxf5 gxf5 9. Bf4 e6 10. Qe2 Bd6 11. Ne5 Qc7 12. g3 0-0-0 13. Nd2 Ne4 14. Nxe4 fxe4 15. Nxc6 Qxc6 16. Bxd6 Rxd6 17. 0-0-0 Kb8 18. Kb1 f5 19. Qe3 Qc7 20. Qf4 Rc6 21. Qxc7+ Rxc7 22. Rhe1 Rf8 23. Rg1 Rcf7 24. Rde1 Kc7 25. Kc1 Kd6 26. Kd2 a6 27. a4 f4 28. g4 e5 29. h4 Rc8 30. g5 exd4 31. cxd4 Rc4 32. b3 Rxd4+ 33. Ke2 f3+ 34. Kf1 Rd2 35. Rb1 Rc7 36. g6 hxg6 37. Rxg6+ Ke5 0-1

[Event "Bronshoj Sommer Seniors"]
[Site "Copenhagen"]
[Date "2019.09.19"]
[Round "5"]
[White "Nilsson, Lars Kjoller"]
[Black "Gustafsson, Magnus"]
[Result "0-1"]
[WhiteElo "1946"]
[BlackElo "1929"]
[PlyCount "46"]
[EventDate "2019.08.15"]
[EventType "swiss"]
[EventRounds "7"]
[EventCountry "DEN"]
[SourceTitle "EXT 2021"]
[Source "ChessBase"]
[SourceDate "2020.10.23"]
[SourceVersion "1"]
[SourceVersionDate "2020.10.23"]
[SourceQuality "1"]

1. e4 e5 2. Nf3 Nf6 3. Nxe5 d6 4. Nf3 Nxe4 5. Be2 Be7 6. Nc3 d5 7. 0-0 0-0 8. d4 Nc6 9. Bf4 Nxc3 10. bxc3 Bd6 11. Qd2 Bf5 12. Rab1 Rb8 13. c4 Bxf4 14. Qxf4 Bxc2 15. Rbc1 Be4 16. Rfe1 Qd6 17. Qh4 Bxf3 18. Bxf3 dxc4 19. Rxc4 Rfe8 20. Rec1 Rbd8 21. g3 Nxd4 22. Be4 f5 23. Rxd4 Qxd4 0-1

[Event "Bronshoj Sommer Seniors"]
[Site "Copenhagen"]
[Date "2019.08.15"]
[Round "1"]
[White "Christensen, Esben"]
[Black "Nilsson, Lars Kjoller"]
[Result "1/2-1/2"]
[WhiteElo "2018"]
[BlackElo "1946"]
[PlyCount "40"]
[EventDate "2019.08.15"]
[EventType "swiss"]
[EventRounds "7"]
[EventCountry "DEN"]
[SourceTitle "EXT 2021"]
[Source "ChessBase"]
[SourceDate "2020.10.23"]
[SourceVersion "1"]
[SourceVersionDate "2020.10.23"]
[SourceQuality "1"]

1. e4 d6 2. Nf3 Nf6 3. Nc3 g6 4. h3 Bg7 5. d4 0-0 6. Bc4 Nxe4 7. Nxe4 d5 8. Bd3 dxe4 9. Bxe4 c5 10. c3 cxd4 11. Nxd4 a6 12. 0-0 e5 13. Nf3 Nc6 14. Be3 Be6 15. Qc1 Qc7 16. Bh6 f6 17. Bxg7 Kxg7 18. Rd1 Rad8 19. Qc2 Rxd1+ 20. Rxd1 Rd8 1/2-1/2

[Event "EU-Cup 34th"]
[Site "Porto Carras"]
[Date "2018.10.18"]
[Round "7.6"]
[White "Fyntrilakis, Kyriakos"]
[Black "Nilsson, Lars Kjoller"]
[Result "1-0"]
[WhiteElo "1746"]
[BlackElo "1948"]
[PlyCount "91"]
[EventDate "2018.10.12"]
[EventType "team-swiss"]
[EventRounds "7"]
[EventCountry "GRE"]
[SourceTitle "CBM 187"]
[Source "ChessBase"]
[SourceDate "2018.12.11"]
[SourceVersion "1"]
[SourceVersionDate "2018.12.11"]
[SourceQuality "1"]
[WhiteTeam "Chania Kaissa"]
[BlackTeam "Hillerod"]
[WhiteTeamCountry "GRE"]
[BlackTeamCountry "DEN"]

1. e4 c5 2. Nf3 e6 3. c4 Nc6 4. Be2 Qc7 5. 0-0 Nf6 6. Nc3 d6 7. d4 cxd4 8. Nxd4 a6 9. Be3 Be7 10. Qd2 0-0 11. Rac1 Bd7 12. Rfd1 Rac8 13. f3 Ne5 14. Bf1 Nxc4 15. Bxc4 Qxc4 16. Nd5 exd5 17. Rxc4 dxc4 18. Ne2 Be6 19. Qb4 b5 20. Qa5 d5 21. Nf4 Ra8 22. exd5 Rfd8 23. Bb6 Rd7 24. Qe1 Bf5 25. Qe5 Bc2 26. Re1 Bb4 27. Rc1 Re8 28. Qd4 Bf5 29. g4 Be6 30. a3 Bf8 31. Re1 Nxd5 32. Nxd5 Red8 33. Bxd8 Rxd5 34. Qxd5 Bxd5 35. Bb6 f6 36. Kf2 Kf7 37. Ke3 Bd6 38. Rd1 Ke6 39. f4 Bb8 40. Bd4 Bc7 41. h4 g6 42. Bxf6 Bc6 43. Bd8 Bd6 44. f5+ gxf5 45. gxf5+ Ke5 46. Bf6+ 1-0

[Event "EU-Cup 34th"]
[Site "Porto Carras"]
[Date "2018.10.17"]
[Round "6.6"]
[White "Ledger, Stephen C"]
[Black "Nilsson, Lars Kjoller"]
[Result "1/2-1/2"]
[WhiteElo "2020"]
[BlackElo "1948"]
[PlyCount "61"]
[EventDate "2018.10.12"]
[EventType "team-swiss"]
[EventRounds "7"]
[EventCountry "GRE"]
[SourceTitle "CBM 187"]
[Source "ChessBase"]
[SourceDate "2018.12.11"]
[SourceVersion "1"]
[SourceVersionDate "2018.12.11"]
[SourceQuality "1"]
[WhiteTeam "Blackthorne Russia"]
[BlackTeam "Hillerod"]
[WhiteTeamCountry "ENG"]
[BlackTeamCountry "DEN"]

1. d4 Nf6 2. Bg5 Ne4 3. Bf4 c5 4. f3 Qa5+ 5. c3 Nf6 6. Nd2 cxd4 7. Nb3 Qb6 8. Qxd4 Nc6 9. Qxb6 axb6 10. Nd4 e5 11. Nxc6 exf4 12. Nd4 Bd6 13. e4 fxe3 14. Bc4 0-0 15. 0-0-0 Bc5 16. Nge2 d5 17. Bb3 Bd7 18. Rhe1 Rfe8 19. Rd3 Re5 20. Ng3 Rae8 21. f4 R5e7 22. Ndf5 Re6 23. Nd4 R6e7 24. Ndf5 Re6 25. Nd4 R6e7 26. Ndf5 Re6 27. Nd4 R6e7 28. Ndf5 Bxf5 29. Nxf5 Re4 30. Bxd5 Rxf4 31. Nxe3 1/2-1/2

[Event "EU-Cup 34th"]
[Site "Porto Carras"]
[Date "2018.10.14"]
[Round "3.6"]
[White "Nilsson, Lars Kjoller"]
[Black "Buonanno, Massimo"]
[Result "1-0"]
[WhiteElo "1948"]
[BlackElo "1911"]
[PlyCount "69"]
[EventDate "2018.10.12"]
[EventType "team-swiss"]
[EventRounds "7"]
[EventCountry "GRE"]
[SourceTitle "CBM 187"]
[Source "ChessBase"]
[SourceDate "2018.12.11"]
[SourceVersion "1"]
[SourceVersionDate "2018.12.11"]
[SourceQuality "1"]
[WhiteTeam "Hillerod"]
[BlackTeam "Lazio Scacchi"]
[WhiteTeamCountry "DEN"]
[BlackTeamCountry "ITA"]

1. e4 e5 2. Nf3 Nc6 3. d4 exd4 4. Nxd4 Bc5 5. Be3 Qf6 6. c3 Nge7 7. Bc4 0-0 8. 0-0 Rd8 9. Nb5 Bxe3 10. fxe3 Qe5 11. Qf3 d5 12. Qxf7+ Kh8 13. Bxd5 Bg4 14. Qf4 Nxd5 15. exd5 Be2 16. Nxc7 Bxf1 17. Nxa8 Qe7 18. Qxf1 Qxe3+ 19. Kh1 Ne5 20. Na3 Nd3 21. Qf3 Qxf3 22. gxf3 Rxa8 23. c4 b6 24. b3 a5 25. Kg2 a4 26. Nc2 axb3 27. axb3 Re8 28. Nd4 h5 29. h4 Nc5 30. Rd1 Kg8 31. Kf2 Kf7 32. b4 Nd7 33. Nc6 Ra8 34. Re1 Kf6 35. Re6+ 1-0

[Event "Hillerod Skjold Burne op"]
[Site "Hillerod"]
[Date "2017.10.21"]
[Round "2"]
[White "Petersen, Albert Emil Lyng"]
[Black "Nilsson, Lars Kjoller"]
[Result "0-1"]
[WhiteElo "1668"]
[BlackElo "1957"]
[PlyCount "44"]
[EventDate "2017.10.03"]
[EventType "swiss"]
[EventRounds "4"]
[EventCountry "DEN"]
[SourceTitle "EXT 2024"]
[Source "ChessBase"]
[SourceDate "2023.10.10"]
[SourceVersion "1"]
[SourceVersionDate "2023.10.10"]
[SourceQuality "1"]

1. e4 c5 2. Nc3 Nc6 3. Bc4 e6 4. d3 a6 5. a3 Nf6 6. f4 d5 7. exd5 exd5 8. Qe2+ Be7 9. Bb3 0-0 10. Nf3 Bg4 11. Qf2 b5 12. Ne5 Nd4 13. Bxd5 Nxd5 14. Nxg4 f5 15. Ne5 Bh4 16. g3 Bf6 17. Bd2 Nxc2+ 18. Ke2 Nxa1 19. Rxa1 Re8 20. Qxc5 Bxe5 21. fxe5 Rxe5+ 22. Kf2 Nf4 0-1

[Event "Novi Sad Serbian op"]
[Site "Novi Sad"]
[Date "2016.11.09"]
[Round "5"]
[White "Kovacevic, Nikola R"]
[Black "Nilsson, Lars Kjoller"]
[Result "0-1"]
[WhiteElo "1698"]
[BlackElo "1974"]
[PlyCount "109"]
[EventDate "2016.11.06"]
[EventType "swiss"]
[EventRounds "9"]
[EventCountry "SRB"]
[SourceTitle "CBM 175 Extra"]
[Source "ChessBase"]
[SourceDate "2016.12.12"]
[SourceVersion "1"]
[SourceVersionDate "2016.12.12"]
[SourceQuality "1"]

1. d4 Nf6 2. Bf4 c5 3. dxc5 Qa5+ 4. c3 Qxc5 5. Nd2 Nc6 6. e3 e5 7. Bg5 d5 8. Ngf3 Be7 9. Be2 Qb6 10. Qb3 Qxb3 11. Nxb3 Be6 12. Bb5 Nd7 13. Bxe7 Kxe7 14. h3 f6 15. Rd1 a6 16. Be2 b5 17. Nfd2 Rab8 18. e4 dxe4 19. Nxe4 Bxb3 20. axb3 Rhd8 21. 0-0 f5 22. Nd2 Nc5 23. Rfe1 Kf6 24. b4 Na4 25. Nb3 Nxb2 26. Ra1 Na4 27. Rxa4 bxa4 28. Nc5 a5 29. b5 Na7 30. c4 Rd4 31. Nxa4 Nxb5 32. Rb1 Rd2 33. Bf1 Nc3 34. Nxc3 Rxb1 35. Nxb1 Rd1 36. Nc3 Rc1 37. Nb5 Ke7 38. f3 Kd7 39. Kf2 Kc6 40. g4 f4 41. Bd3 h6 42. Be4+ Kc5 43. Bd5 Kb4 44. Na7 a4 45. Nc6+ Kc5 46. Nxe5 Rc2+ 47. Ke1 a3 48. Nd3+ Kd4 49. c5 Kxd3 50. Be4+ Kc3 51. Bd5 Kb2 52. Kd1 Rxc5 53. Bf7 a2 54. Bxa2 Kxa2 55. Kd2 0-1

[Event "Novi Sad Serbian op"]
[Site "Novi Sad"]
[Date "2016.11.06"]
[Round "1"]
[White "Rakesh, Kumar Jena"]
[Black "Nilsson, Lars Kjoller"]
[Result "1-0"]
[WhiteElo "2310"]
[BlackElo "1974"]
[PlyCount "41"]
[EventDate "2016.11.06"]
[EventType "swiss"]
[EventRounds "9"]
[EventCountry "SRB"]
[SourceTitle "CBM 175 Extra"]
[Source "ChessBase"]
[SourceDate "2016.12.12"]
[SourceVersion "1"]
[SourceVersionDate "2016.12.12"]
[SourceQuality "1"]

1. e4 c5 2. Nf3 e6 3. d4 cxd4 4. Nxd4 Nc6 5. Nxc6 bxc6 6. Bd3 Bc5 7. 0-0 Ne7 8. Nc3 Qc7 9. Qh5 Bd4 10. Ne2 Qe5 11. Qh3 Bb6 12. Bf4 Qc5 13. Qg3 Ng6 14. Bd6 Qh5 15. e5 Bb7 16. a4 c5 17. a5 Bd8 18. Qe3 c4 19. Be4 Bd5 20. Ng3 Qg5 21. f4 1-0

[Event "Barcelona Sants op-B 18th"]
[Site "Barcelona"]
[Date "2016.08.28"]
[Round "10"]
[White "Nilsson, Lars Kjoller"]
[Black "Gonzalvez Tamarit, Ivan"]
[Result "1/2-1/2"]
[WhiteElo "1988"]
[BlackElo "1843"]
[PlyCount "90"]
[EventDate "2016.08.19"]
[EventType "swiss"]
[EventRounds "10"]
[EventCountry "ESP"]
[SourceTitle "CBM 174 Extra"]
[Source "ChessBase"]
[SourceDate "2016.10.10"]
[SourceVersion "1"]
[SourceVersionDate "2016.10.10"]
[SourceQuality "1"]

1. e4 d5 2. exd5 Qxd5 3. Nc3 Qd6 4. Nf3 Nf6 5. d4 c6 6. Bd3 Bg4 7. Be3 e6 8. h3 Bh5 9. g4 Bg6 10. Ne5 Bxd3 11. Qxd3 Nbd7 12. f4 Nd5 13. 0-0-0 Nxc3 14. Qxc3 Qd5 15. Kb1 a5 16. a3 Nb6 17. Rhf1 f6 18. f5 Na4 19. Qb3 Qxb3 20. cxb3 Nb6 21. Nc4 Nxc4 22. bxc4 exf5 23. Rxf5 Bd6 24. Bd2 b6 25. Bc3 0-0 26. d5 c5 27. g5 fxg5 28. Rxg5 g6 29. Re1 Rae8 30. Rgg1 Bf4 31. Rxe8 Rxe8 32. Re1 Rxe1+ 33. Bxe1 a4 34. b4 Kf7 35. Bf2 Bd6 36. Kc2 Kf6 37. Kd3 Kf5 38. bxc5 Bxc5 39. Bxc5 bxc5 40. Ke3 Ke5 41. Kf3 Kf5 42. Kg3 Kg5 43. h4+ Kf5 44. Kf3 h5 45. Kg3 Ke5 1/2-1/2

[Event "DEN-chT 1415 53rd"]
[Site "Denmark"]
[Date "2015.01.11"]
[Round "5.8"]
[White "Jensen, Henrik Tranberg"]
[Black "Nilsson, Lars Kjoller"]
[Result "1/2-1/2"]
[WhiteElo "2057"]
[BlackElo "1976"]
[PlyCount "38"]
[EventDate "2014.10.25"]
[EventType "team-tourn"]
[EventRounds "9"]
[EventCountry "DEN"]
[SourceTitle "EXT 2016"]
[Source "ChessBase"]
[SourceDate "2015.10.08"]
[SourceVersion "1"]
[SourceVersionDate "2015.10.08"]
[SourceQuality "1"]
[WhiteTeam "Esbjerg"]
[BlackTeam "Hillerod"]
[WhiteTeamCountry "DEN"]
[BlackTeamCountry "DEN"]

1. d4 Nf6 2. c4 Nc6 3. Nc3 e5 4. d5 Ne7 5. e4 Ng6 6. h4 Bb4 7. h5 Bxc3+ 8. bxc3 Nf8 9. Bd3 h6 10. f4 Qe7 11. f5 d6 12. Nh3 N8d7 13. Nf2 Nc5 14. Bc2 a5 15. Rh3 b6 16. Rg3 Rg8 17. Be3 Ba6 18. Bxc5 dxc5 19. Ba4+ Nd7 1/2-1/2

[Event "Copenhagen Bronshoj op"]
[Site "Copenhagen"]
[Date "2013.02.09"]
[Round "2"]
[White "Nilsson, Lars Kjoller"]
[Black "Pedersen, Nicolai Vesterbaek"]
[Result "1/2-1/2"]
[WhiteElo "2036"]
[BlackElo "2443"]
[PlyCount "65"]
[EventDate "2013.02.08"]
[EventType "swiss"]
[EventRounds "7"]
[EventCountry "DEN"]
[SourceTitle "CBM 152 Extra"]
[Source "ChessBase"]
[SourceDate "2013.02.25"]
[SourceVersion "1"]
[SourceVersionDate "2013.02.25"]
[SourceQuality "1"]

1. e4 e5 2. Nf3 Nc6 3. d4 exd4 4. Nxd4 Nf6 5. Nxc6 bxc6 6. e5 Qe7 7. Qe2 Nd5 8. c4 Nb6 9. b3 g6 10. Ba3 d6 11. Nd2 Bg7 12. f4 0-0 13. 0-0-0 c5 14. exd6 Qxd6 15. Qe3 Qf6 16. Qe5 Qxe5 17. fxe5 Bxe5 18. Bxc5 Rd8 19. Be3 Bf5 20. Be2 a5 21. Nf3 Bf6 22. Bd4 Be7 23. Bc3 a4 24. Rxd8+ Bxd8 25. Rd1 Be7 26. Bd3 Bxd3 27. Rxd3 axb3 28. axb3 Bd6 29. Kb2 Rb8 30. Kc2 Ra8 31. Kb2 Rb8 32. Kc2 Ra8 33. Kb2 1/2-1/2

[Event "DEN-chT 1112 50th"]
[Site "Denmark"]
[Date "2012.03.10"]
[Round "8.8"]
[White "Thorsteinsson, Sjurdur"]
[Black "Nilsson, Lars Kjoller"]
[Result "1-0"]
[WhiteElo "2148"]
[BlackElo "2036"]
[PlyCount "85"]
[EventDate "2011.10.29"]
[EventType "team-tourn"]
[EventRounds "9"]
[EventCountry "DEN"]
[SourceTitle "EXT 2013"]
[Source "ChessBase"]
[SourceDate "2012.11.22"]
[SourceVersion "1"]
[SourceVersionDate "2012.11.22"]
[SourceQuality "1"]
[WhiteTeam "Aarhus/Skolerne"]
[BlackTeam "Hillerod"]
[WhiteTeamCountry "DEN"]
[BlackTeamCountry "DEN"]

1. e4 c5 2. Nc3 Nc6 3. Nge2 g6 4. d4 cxd4 5. Nxd4 Bg7 6. Be3 d6 7. Qd2 Nf6 8. f3 0-0 9. 0-0-0 Nxd4 10. Bxd4 Be6 11. Kb1 a6 12. g4 b5 13. h4 Qc7 14. h5 Rac8 15. Rh2 Rfd8 16. Nd5 Bxd5 17. exd5 e5 18. Bc3 Qb7 19. hxg6 hxg6 20. Ba5 Re8 21. g5 Nh5 22. Bb4 Red8 23. b3 Nf4 24. Bh3 Rc5 25. Bxc5 dxc5 26. d6 Qxf3 27. Bf1 c4 28. Rf2 Qc6 29. d7 Bf8 30. Bg2 Qb6 31. Be4 a5 32. Rh2 cxb3 33. cxb3 Ne6 34. Rdh1 Bg7 35. Rh3 Nd4 36. Qh2 Kf8 37. Rh7 a4 38. Rxg7 axb3 39. Qh8+ Ke7 40. Rxf7+ Kd6 41. Qf6+ Ne6 42. Rd1+ Kc5 43. Qe7+ 1-0

[Event "Gibraltar Masters 10th"]
[Site "Caleta"]
[Date "2012.01.29"]
[Round "6"]
[White "Rodriguez Lopez, Rafael"]
[Black "Nilsson, Lars Kjoller"]
[Result "1/2-1/2"]
[WhiteElo "2287"]
[BlackElo "2036"]
[PlyCount "84"]
[EventDate "2012.01.24"]
[EventType "swiss"]
[EventRounds "10"]
[EventCountry "GGB"]
[SourceTitle "CBM 147"]
[Source "ChessBase"]
[SourceDate "2012.03.16"]
[SourceVersion "1"]
[SourceVersionDate "2012.03.16"]
[SourceQuality "1"]

1. e4 c5 2. Nf3 d6 3. d4 cxd4 4. Nxd4 Nf6 5. Nc3 e6 6. Bc4 Nc6 7. Bb3 Be7 8. 0-0 0-0 9. Kh1 Qc7 10. f4 Na5 11. Qe2 Nxb3 12. axb3 b6 13. e5 Ne8 14. Ncb5 Qd7 15. Rd1 d5 16. c4 Bc5 17. Be3 a5 18. cxd5 exd5 19. Nc3 Nc7 20. Na4 Bb7 21. Rac1 Na6 22. Nf3 Qc6 23. Bd4 Rac8 24. Rc3 Qg6 25. Qb5 Nc7 26. Qd7 Rfd8 27. Qh3 Nb5 28. f5 Qh6 29. Qxh6 gxh6 30. Rcd3 Nxd4 31. Nxd4 Bxd4 32. Rxd4 b5 33. Nc3 b4 34. Ne4 Rc2 35. Nf6+ Kf8 36. R4d2 Rxd2 37. Rxd2 d4 38. Kg1 Ke7 39. Kf2 h5 40. g3 Bc8 41. Nxh5 Bxf5 42. Nf4 Be6 1/2-1/2

[Event "Gibraltar Masters 10th"]
[Site "Caleta"]
[Date "2012.01.26"]
[Round "3"]
[White "Nilsson, Lars Kjoller"]
[Black "Schiendorfer, Emanuel"]
[Result "1-0"]
[WhiteElo "2036"]
[BlackElo "2354"]
[PlyCount "63"]
[EventDate "2012.01.24"]
[EventType "swiss"]
[EventRounds "10"]
[EventCountry "GGB"]
[SourceTitle "CBM 147"]
[Source "ChessBase"]
[SourceDate "2012.03.16"]
[SourceVersion "1"]
[SourceVersionDate "2012.03.16"]
[SourceQuality "1"]

1. e4 c5 2. Nf3 d6 3. d4 cxd4 4. Nxd4 Nf6 5. Nc3 a6 6. h3 e6 7. g4 Be7 8. Bg2 Nfd7 9. 0-0 Nc6 10. Be3 0-0 11. Qd2 Nde5 12. b3 Nxd4 13. Bxd4 Ng6 14. Ne2 Nh4 15. Bh1 f5 16. exf5 Kh8 17. fxe6 Nf3+ 18. Bxf3 Rxf3 19. Ng3 Bxe6 20. Rfe1 Bg5 21. Qd1 Rxg3+ 22. fxg3 Qd7 23. Qf3 h5 24. Qe4 Bf7 25. Qf5 Qxf5 26. gxf5 Bd5 27. c4 Bc6 28. h4 Bh6 29. Re6 Kg8 30. Rxd6 Re8 31. Kf2 Rf8 32. f6 1-0

[Event "Gibraltar Masters 10th"]
[Site "Caleta"]
[Date "2012.01.25"]
[Round "2"]
[White "Van Diermen, Arie"]
[Black "Nilsson, Lars Kjoller"]
[Result "0-1"]
[WhiteElo "1904"]
[BlackElo "2036"]
[PlyCount "114"]
[EventDate "2012.01.24"]
[EventType "swiss"]
[EventRounds "10"]
[EventCountry "GGB"]
[SourceTitle "CBM 147"]
[Source "ChessBase"]
[SourceDate "2012.03.16"]
[SourceVersion "1"]
[SourceVersionDate "2012.03.16"]
[SourceQuality "1"]

1. e4 c5 2. Nc3 d6 3. g3 Nc6 4. Bg2 Nf6 5. f4 Qc7 6. Nf3 e6 7. d3 Be7 8. 0-0 0-0 9. h3 a6 10. a4 b6 11. g4 Nd7 12. f5 Nde5 13. Nxe5 Nxe5 14. Bf4 Bb7 15. Qe1 Qd8 16. Qd2 h6 17. Rae1 Bg5 18. Bxg5 Qxg5 19. Qxg5 hxg5 20. Re2 Bc6 21. Ref2 b5 22. b3 bxa4 23. bxa4 Rfb8 24. Kh2 a5 25. Kg3 Rb4 26. Ra1 Rb2 27. Nd1 Rb4 28. Nc3 Rab8 29. h4 gxh4+ 30. Kxh4 exf5 31. gxf5 d5 32. Re1 dxe4 33. Bxe4 Bxe4 34. Rxe4 Rd8 35. Kg3 f6 36. Rff4 Nxd3 37. cxd3 Rxd3+ 38. Rf3 Rxc3 39. Rxc3 Rxe4 40. Rxc5 Rxa4 41. Rc8+ Kh7 42. Ra8 Kh6 43. Ra7 Kg5 44. Rxg7+ Kxf5 45. Kf3 Rb4 46. Ra7 a4 47. Ra5+ Kg6 48. Ra6 Kg5 49. Ra8 Rb3+ 50. Kf2 a3 51. Ra5+ f5 52. Ra8 Rb2+ 53. Kf3 Rb3+ 54. Kf2 Kg4 55. Ra4+ f4 56. Ra8 Rb2+ 57. Kf1 a2 0-1

[Event "Taastrup Quick Weekend 13th M2"]
[Site "Taastrup"]
[Date "2011.04.03"]
[Round "5"]
[White "Moller, Arne Vagn"]
[Black "Nilsson, Lars Kjoller"]
[Result "1/2-1/2"]
[WhiteElo "1936"]
[BlackElo "1984"]
[PlyCount "28"]
[EventDate "2011.04.01"]
[EventType "tourn"]
[EventRounds "5"]
[EventCountry "DEN"]
[SourceTitle "EXT 2023"]
[Source "ChessBase"]
[SourceDate "2022.10.05"]
[SourceVersion "1"]
[SourceVersionDate "2022.10.05"]
[SourceQuality "1"]

1. e4 c5 2. Nf3 Nc6 3. d4 cxd4 4. Nxd4 e5 5. Nb5 a6 6. Nd6+ Bxd6 7. Qxd6 Qf6 8. Qxf6 Nxf6 9. Nc3 d5 10. Nxd5 Nxd5 11. exd5 Nb4 12. Bd3 Nxd3+ 13. cxd3 Bf5 14. 0-0 Rd8 1/2-1/2